|
|
|
|
| LEADER |
01187nam a2200253 a 4500 |
| 001 |
GR-MES9770 |
| 008 |
060221s2001 gr 000 1 gre|c |
| 020 |
|
|
|a 9602743174
|
| 040 |
|
|
|a GrPaTEI
|b gre
|c GR-PaULI
|
| 084 |
|
|
|a Ξ
|
| 100 |
1 |
|
|a Mahfouz, Najib,
|d 1911-2006.
|
| 240 |
1 |
0 |
|a Zuqaq al-Midaqq.
|l Ελληνικά
|
| 245 |
1 |
3 |
|a Το σοκάκι της αμαρτίας /
|c Ναγκιμπ Μαχφούζ ; μετάφραση από τα αραβικά Πέρσα Κουμούτση ; πρόλογος Κ.Ι. Τσαούσης.
|
| 260 |
|
|
|a Αθήνα :
|b Ψυχογιός,
|c 2001.
|
| 300 |
|
|
|a 325 σ.
|c 21 εκ.
|
| 500 |
|
|
|a Μετάφραση του: Zuqaq al-Midaqq.
|
| 650 |
|
4 |
|a Μυθιστόρημα
|z Περσία
|
| 650 |
|
4 |
|a Ξένη πεζογραφία
|
| 700 |
1 |
|
|a Κουμούτση, Πέρσα
|e μεταφράστρια.
|
| 700 |
1 |
|
|a Τσαούσης, Κώστας Ι.
|e συγγραφέας προλόγου.
|
| 942 |
|
|
|2 ddc
|
| 952 |
|
|
|0 0
|1 0
|2 ddc
|4 0
|6 Ξ_MAH
|7 0
|9 280032
|a MSLG
|b MSLG
|c BSC
|d 2021-01-17
|e 24
|f 0
|g 0.00
|l 0
|o Ξ MAH
|p 2420000020264
|r 2021-01-17 00:00:00
|t 1
|w 2021-01-17
|y BK15
|x 20060221 0 1
|x GrPaTEI
|
| 971 |
|
|
|a .b25882417
|b 15-04-20
|c 14-09-16
|
| 999 |
|
|
|c 163222
|d 163222
|